Dinos - Quel est le son ? #1 - Statistiques

Statistiques générales
  • Ce quiz a été pris 23 fois
  • Le résultat moyen est 10 sur 36
Statistiques - réponses
Paroles Morceaux % Correct
J'me dis qu'c'est dingue comment quelqu'un peut tout changer autour de toi Helsinki
82%
J'suis camerounais, un nom d'famille du bled et un prénom d'esclave 93 mesures
76%
Rien de très cartésien, ma tristesse part et vient Placebo
76%
J'avais honte d'aller chez Lidl, et maintenant, c'est devenu à la mode Moins un (feat. Nekfeu)
59%
Aucun envoi, aucune réception, aucune attente, aucune déception No Love (feat. Marie Plassard)
59%
Papa est un homme honnête, Maman est un hustler Les pleurs du mal
53%
Ferme ta grand gueule et passe le balai, j'marcherai jamais seul comme Sadio Mané Paranoïaque
53%
J'suis bipolaire comme la guerre froide ou l'fils de Donda Chrome Hearts (feat. Hamza)
47%
J'rappe le charme du ghetto, la misère de la street XNXX
47%
Avant on s'aimait juste, pourquoi maintenant on s'tolère ? Par Amour
41%
Trois ans d'studio parce que j'm'étais juré qu'mon premier album s'rait un putain d'classique Simyaci
41%
Je suis connu dans toute la France, donc j'suis privé de vie privée Demain n'existe plus
35%
J'comprends pas comment notre amour a pu mourrir Diptyque
35%
J'suis devenu trop dangereux comme le vice de ma rue Du mal à te dire (feat. Damso)
35%
J'ai plus l'âge de t'attendre devant l'Nike de Châtelet Argentique
29%
Shawty, j'suis pas timide, j't'la bouffe comme un sashimi MISS LILY'S (feat. Hamza)
29%
Sativa, tous mes rêves partent en fumée comme la sativa Arob@se
24%
Les gens croient pas en c'qui est vrai, c'qui est faux, ils croient en c'qui les arrangent L'Univers Ne Nous Voit Pas Danser (feat. Akhenaton)
24%
Samuel Eto'o dans l'sang, courir comme un noir pour vivre comme un blanc Quand les cailleras prient
24%
Roland Garros ou l'casino, j'touche le jackpot en trois sets Namek
18%
Ton sourire n'efface pas les problèmes, les bonnes actions n'effacent pas les mauvaises On meurt bientôt
18%
J'ai mal au bide, j'devrais quitter le rap comme le Royaume-Uni Taciturne (feat. Dosseh
18%
Tu parles sur nous dans l'groupe What's App pendant qu'des djos partouzent ta femme CHELSEA (feat. Josman)
12%
T’achètes tes sapes, tu penses aux story qu’tu vas poster CTRL + V
12%
Fuck une grosse biatch, j'veux une Marion Cotillard Flashé
12%
Quelques âmes me disaient "Lost", la plupart me disaient "Mort" TONY SOPRANO
12%
Maintenant j'veux juste te ken et surtout j'vais rien te promettre Mack Le Bizz Freestyle
6%
C'est bien la richesse intérieure mais j'préfère PayPal Notifications
6%
Mes absences font du vide, mes silences font du bruit Oskur
6%
J'vois nos souvenirs comme la poussière au-dessus d'la pelle Prends mes lovés (feat. Tiakola)
6%
Même avec une équerre on verrait les choses du mauvais angle Quelqu'un de bien
6%
Tu répètes la même chose à chaque fois qu'j'pars : "Ne sois pas trop célèbre, ne sois pas trop célèbre" SIGNE DE FEU
6%
Les MC comme moi, y'en a un tous les cent ans Bouchées triples (feat. Nekfeu)
0%
J'crois qu'j'suis lunatique, parce que j'ai peur qu'on m'porte le mauvais œil Comme un dimanche
0%
Mais en gros je suis comme Twitter : j'ai 140 caractères Namasté
0%
Mais comment faire confiance aux autres lorsqu'on a pas confiance en soi-même ? Un trop
0%
Aucun quiz correspondant
Distribution des résultats
% des personnes avec chaque résultat
Percentile par nombre de réponses
Votre historique - résultats
Vous n’avez pas pris ce quiz